Loading...
The theory of moral sentiments /
| Main Author: | |
|---|---|
| Format: | Printed Book |
| Language: | English |
| Published: |
New Delhi :
Cosmo,
2003.
|
| Subjects: |
| LEADER | 00520nam a22001577a 4500 | ||
|---|---|---|---|
| 008 | 150223s2003 ii ||||| |||| 00| 0 eng d | ||
| 020 | |a 8177556673 | ||
| 082 | |a 170 | ||
| 100 | |a Smith, Adam | ||
| 245 | |a The theory of moral sentiments / |c Adam Smith | ||
| 260 | |a New Delhi : |b Cosmo, |c 2003. | ||
| 300 | |a 433 p. ; | ||
| 653 | |a Ethics |a Language and languages | ||
| 942 | |c BK | ||
| 999 | |c 274513 |d 274513 | ||
| 952 | |0 0 |1 0 |2 ddc |4 0 |6 170_000000000000000_SMI_T |7 0 |9 308904 |a PHL |b PHL |c ST1 |d 2015-02-23 |i 3960 |l 0 |o 170 SMI/T |p PHL3960 |r 2015-02-23 |y BK | ||